| 000 | 00726nam a2200277Ia 4500 | ||
|---|---|---|---|
| 008 | 171025s9999 xx 000 0 und d | ||
| 020 | _a739860437 | ||
| 050 | _a948.5 | ||
| 050 | _bK26 2005 | ||
| 100 | _aKeeler, Stephen | ||
| 245 | _aSweden / | ||
| 245 | _cby Stephen Keeler. | ||
| 260 | _aChicago, Illinois : | ||
| 260 | _bRaintree, | ||
| 260 | _c2005 | ||
| 300 | _a48 pages : | ||
| 300 | _billustrations ; | ||
| 300 | _c27cm. | ||
| 440 | _aThe changing faces of -- | ||
| 500 | _aIncludes glossary, bibliographical reference and index. | ||
| 650 | _aManners and customs. | ||
| 650 | _aSweden -- | ||
| 650 | _aSweden. | ||
| 650 | _xSocial life and customs -- Juvenile literature. | ||
| 700 | _aTitle. | ||
| 999 |
_c344608 _d344608 |
||